L'arte di vivere in coppia (Record no. 211335)

MARC details
000 -LEADER
fixed length control field 01094nam a2200205Ia 4500
001 - CONTROL NUMBER
control field b5775-38994
003 - CONTROL NUMBER IDENTIFIER
control field IT-MiCISF
008 - FIXED-LENGTH DATA ELEMENTS--GENERAL INFORMATION
fixed length control field 161014s9999||||xx |||||||||||||| ||und||
040 ## - CATALOGING SOURCE
Original cataloging agency IT-MiCISF
Transcribing agency IT-MiCISF
041 ## - LANGUAGE CODE
Language code of text/sound track or separate title it
999 ## - SYSTEM CONTROL NUMBERS (KOHA)
Koha Dewey Subclass [OBSOLETE] si
100 ## - MAIN ENTRY--PERSONAL NAME
Personal name Jellouschek Hans
245 #0 - TITLE STATEMENT
Title L'arte di vivere in coppia
250 ## - EDITION STATEMENT
Edition statement 1a ed.
260 ## - PUBLICATION, DISTRIBUTION, ETC. (IMPRINT)
Place of publication, distribution, etc. Roma
Name of publisher, distributor, etc. Magi
Date of publication, distribution, etc. 2003 [Edizione originale: 1992]
300 ## - PHYSICAL DESCRIPTION
Extent pp. 109
500 ## - GENERAL NOTE
General note / coppia, amore, relazione-di-coppia, sessualità / L'A. scrive in questo libro di aver smontato pezzo per pezzo l'ideale neoromantico dell'amore. All'amore come esperienza amorosa ha contrapposto una via comune di "esercizio"; al desiderio di una simbiosi protratta nel tempo la necessità di stabilire dei limiti e di mantenere una giusta distanza, all'amore come autorealizzazione egoistica la capacità di abbandonarsi all'altro. Un quadro più complesso di quello fiabesco prospettato dall'amore romantico, ma chi l'ha sperimentato sa che non è certo meno affascinante.
650 ## - SUBJECT ADDED ENTRY--TOPICAL TERM
Topical term or geographic name as entry element Relazione di coppia / coppia
Relator term 002
942 ## - ADDED ENTRY ELEMENTS (KOHA)
Koha item type LIBRO
957 ## -
-- 1
999 ## - SYSTEM CONTROL NUMBERS (KOHA)
-- 1
Holdings
Withdrawn status Lost status Damaged status Not for loan Home library Current library Date acquired Total Checkouts Full call number Date last seen Price effective from Koha item type Public note
    Buone Condizioni Not For Loan CISF - Milano CISF - Milano 14/10/2016   b5775-38994 14/10/2016 14/10/2016 LIBRO Data import 15.10.2016 / by Epidotti, Vaglietti
CREDITS: SOCIETA' SAN PAOLO Via A.Severo, 58 - ROMA (RM) & PERIODICI SAN PAOLO SRL Via Giotto, 36 MILANO & CISF Via Giotto, 36 MILANO & EDIZIONI SAN PAOLO SRL,  Piazza Soncino, 5 CINISELLO BALSAMO (MI) -- ITALY